000 00627nam a22002297a 4500
003 UA-OsUOA
001 92222
007 ta
008 20121211b un ||||| |||| 00| 0 ukr d
100 _aЧорногуз О.
090 _a821.161.2
_bЧ-75
942 _cBK
040 _aUA-OsUOA
_bukr
_cUA-OsUOA
_dUA-OsUOA
245 _aПретенденти на папаху
_bсатиричний роман
300 _a351 с.
955 _a3
041 _aukr
080 _a821.161.2
260 _aК.
_bДніпро
_c1984
650 7 _a82 Література. Літературознавство
_2UDC
999 _c378459
_d378459